The Apostle Paul Wrote...? - Statistics

General Stats
  • This quiz has been taken 4 times
  • The average score is 9 of 13
Answers on the Grid
Answers color-coded by a green-red scale on the quiz's grid according to % correct below.
Romans
Acts
2 Corinthians
1 Corinthians
Revelation
Galatians
Philippians
Ephesians
Philemon
Jude
Ruth
Mark
Titus
James
2 Thessalonians
1 Timothy
1 Peter
3 John
Colossians
3 Timothy
2 Galatians
John
2 Timothy
1 Thessalonians
3 Thessalonians
2 John
2 Colossians
Ezra
3 Timothy
Micah
 
Answer Stats
Answer % Correct
1 Thessalonians
100%
1 Timothy
100%
Philemon
100%
1 Corinthians
67%
2 Corinthians
67%
2 Thessalonians
67%
2 Timothy
67%
Ephesians
67%
Galatians
67%
Philippians
67%
Romans
67%
Titus
67%
Colossians
33%
No matching quizzes found
Score Distribution
Percent of People with Each Score
Percentile by Number Answered
Your Score History
You have not taken this quiz